00995 a2200169 45000010006000000050017000060080041000230030015000640400040000790800057001192450052001762640036002283000019002645050505002831000018007887000019008063655420260407155640.0260407a1974 arg spa dAR-UNSa-BCEJYS aAR-UNSa-BCEJYSbspacAR-UNSa-BCEJYS a658.5xPlanificación y control de la producción 10aSistemas de producciónpla gerencia operativa 1aBuenos Aires :bEl Ateneoc1974 a113 p.c20 cm. a1. La transferencia de los resultados de la investigación a las operaciones - 2. La investigación, el desarrollo y la producción: Problemas de conflicto y cooperación - 3. Examen comparado de los programas de reduccción de costos en la fabricación - 4. El problema de la disposición de instalaciones en perspectiva - 5. Revisión del equilibrio de la linea de montaje - 6. uN modelo económico para la división del trabajo - 7. La ingenieria industrial y los sistemas sociotecnicos.1 aMuth, John F.1 aGroff, Gene K.